| 000 | 00739cam a2200265 4500 | ||
|---|---|---|---|
| 008 | 090401t1990 xxu||||| |||| 00| 0 eng d | ||
| 020 | _a0854064516 | ||
| 035 | _a(Sirsi) u50468 | ||
| 041 | _aeng | ||
| 050 | _a630.026 | ||
| 090 | _a630.026 | ||
| 090 | _aRICS 1990/35ABCD | ||
| 100 | _aSteer, Susan | ||
| 245 | _aRural practice statutory time limits in England and Wales | ||
| 260 |
_aLondon _bRoyal Institution of Chartered Surveyors _c1990 |
||
| 300 | _a14p. ; 30cm. | ||
| 350 | _a5 | ||
| 520 | _aRICS Rural Practice Division | ||
| 650 | _aPROPERTY-LANDLORD AND TENANT-TENANCIES-AGRICULTURAL TENANCIES | ||
| 650 | _aGUIDANCE NOTES | ||
| 650 | _aRICS | ||
| 700 | _aRodger, Martin | ||
| 942 | _n0 | ||
| 948 | _c04/03/1997 | ||
| 999 |
_c92712 _d92712 |
||